Т. 2: Таблицы термодинамических свойств; Термодинамические свойства индивидуальных веществ

Bibliographic Details
Parent link:Термодинамические свойства индивидуальных веществ: справочное издание/ Л. В. Гурвич, Г. А. Хачкурузов, И. В. Вейц, В. А. Медведев и др.; Институт горючих ископаемых Академии наук СССР; Государственный Комитет Совета Министров СССР по химии; Отв. ред. В. П. Глушко. Т. 2: Таблицы термодинамических свойств.— 2-е изд., перераб. и доп..— , 1962-
Language:Russian
Published: 1962
Subjects:
Format: Book
KOHA link:https://koha.lib.tpu.ru/cgi-bin/koha/opac-detail.pl?biblionumber=45843

MARC

LEADER 00000nam0a2200000 4500
001 45843
005 20231031024110.0
035 |a (RuTPU)RU\TPU\book\47748 
090 |a 45843 
100 |a 20021217d1962 km y0rusy50 ca 
101 0 |a rus 
102 |a RU 
105 |a y g 000zy 
200 0 |a Т. 2: Таблицы термодинамических свойств 
210 |d 1962 
215 |a 916 с. 
320 |a Библиогр.: с. 1039-1126 (4392 назв.) 
461 |t Термодинамические свойства индивидуальных веществ  |o справочное издание  |o в 2 т.  |f Л. В. Гурвич, Г. А. Хачкурузов, И. В. Вейц, В. А. Медведев и др.  |g Институт горючих ископаемых Академии наук СССР; Государственный Комитет Совета Министров СССР по химии; Отв. ред. В. П. Глушко  |v Т. 2: Таблицы термодинамических свойств  |e 2-е изд., перераб. и доп.  |d 1962- 
610 1 |a химия 
610 1 |a термодинамические свойства 
610 1 |a химические элементы 
610 1 |a таблицы 
610 1 |a справочники 
675 |a 544.3(035)  |v 3 
801 1 |a RU  |b 63413507  |c 20021217  |g PSBO 
801 2 |a RU  |b 63413507  |c 20220224  |g PSBO 
942 |c BK